[Event "Bad Homburg"]
[Site "Bad Homburg"]
[Date "1997.??.??"]
[Round "6"]
[White "Hickl, Joerg"]
[Black "Sutovsky, Emil"]
[Result "1-0"]
[WhiteElo "2565"]
[BlackElo "2590"]
[Annotator "Liss,E"]
[PlyCount "101"]
[EventDate "1997.07.26"]
[EventType "tourn"]
[EventRounds "9"]
[EventCountry "GER"]
[EventCategory "14"]
[SourceTitle "CBM 060"]
[Source "ChessBase"]
[SourceDate "1997.09.29"]
[SourceVersion "1"]
[SourceVersionDate "1997.09.29"]
[SourceQuality "1"]

1. g3 e5 2. Bg2 d5 3. d3 Nc6 4. c3 a5 5. Nf3 Nf6 6. O-O Be7 7. Qc2 O-O 8. Nbd2
Re8 9. e4 Bf8 10. b3 {White has got himself a Pirc position with a tempo up,
quite nice if you're a Pirc-player with Black, as Hickl is.} a4 $5 {Black is
trying to break the normal patterns} (10... h6 11. Bb2 Be6 12. a3 {With a nice
game for white}) 11. b4 b5 (11... d4 12. b5 dxc3 13. bxc6 cxd2 14. Bxd2 bxc6
15. Qxc6 (15. Bc3 Nd7 16. d4 $36) 15... Ra6 16. Qc2 $14 Rd6 $2 17. d4) 12. a3
Be6 13. Bb2 Rb8 14. Rfe1 dxe4 (14... h6 $6 15. exd5 Bxd5 16. c4 Bxf3 17. Nxf3
$16) 15. dxe4 Na7 $6 {Black tries too hard to create active play. Anyway his
position is not easy  to handle.} (15... Qd7 16. Rad1 Bd6 17. c4 $36) 16. Rad1
(16. c4 $16) 16... c5 (16... Nd7 17. c4 c5 18. bxc5 Bxc5 19. Nxe5 $16) 17. Nxe5
Qc7 {the simplest and the best move.} (17... Bb3 18. Nxb3 axb3 19. Qxb3 $18)
18. Nef3 $1 cxb4 19. axb4 Bxb4 20. e5 Nd7 (20... Nd5 21. Ng5 g6 22. Nxe6 (22.
Bxd5 Bxd5 23. Qd3 Bc4 $5 (23... Be7 {and it's still a game}) 24. Nxc4 bxc4 25.
Qd5 Bf8 26. e6 fxe6 27. Nxe6 (27. Rxe6 Kh8 28. Bc1 Red8 {and suddenly black is
playing}) 27... Qc6 $132) (22. Nde4 $1 Be7 (22... Kg7 23. Nd6 Nxc3 24. Nxe8+
Rxe8 25. Nxe6+ fxe6 26. Rd3 Rc8 27. Rc1 $18) 23. Nd6 Bxd6 (23... Red8 24. Ngxf7
$1 $18) 24. exd6 Qxd6 25. c4 bxc4 (25... Rec8 26. Bxd5 Bxd5 27. Rxd5 Qxd5 28.
Qc3 $18) 26. Ne4 Qd8 27. Rxd5 $1 Bxd5 28. Nf6+ Qxf6 29. Rxe8+ Rxe8 30. Bxf6
Re1+ 31. Bf1 $18) 22... fxe6 23. Bxd5 exd5 24. Qd3 Bf8 25. Qxd5+ Qf7 26. e6 Qf5
27. Qa2 Bg7 28. Ne4 $1 $18) 21. Ng5 g6 22. Nxe6 fxe6 23. Ne4 $16 Be7 24. Bh3
Nf8 25. Nf6+ Bxf6 26. exf6 Nc6 27. Ba3 Ne5 28. Qe4 Nf7 29. Qe3 Rbd8 30. Rxd8
Qxd8 31. Be7 Qc7 32. Bf1 Qc6 33. h4 $40 Nd6 $4 34. Bg2 $2 (34. Bxf8 $142 $1 Nf5
(34... Rxf8 35. Qxe6+ Rf7 36. Rd1 $18) 35. Qc5 $1 $18) 34... Qa6 35. g4 $5 (35.
Bxf8 $1 Nf5 36. Qg5 Rxf8 37. g4 $18) 35... Nc8 $2 (35... Nf7 $142 $16) 36. Bxf8
(36. Qh6 Rxe7 37. fxe7 Nxe7 {with some hopes for black}) (36. Bc5 $1 {Wins
immediatly} Nd7 37. Qf4 Nxc5 38. f7+ Kf8 39. fxe8=Q+ Kxe8 40. Qc7 $18) 36...
Rxf8 (36... Kxf8 $4 37. Qh6+ Kg8 38. Qg7#) 37. Qxe6+ Qxe6 38. Rxe6 $18 Rd8 39.
Ra6 Nd6 (39... Rd1+ 40. Bf1 Nd6 41. Kg2 $18) 40. Ra7 Nc4 41. g5 Ne5 42. Ra5 Kf7
43. Rxb5 Rd1+ 44. Kh2 Ke6 45. Ra5 Rd3 46. Bh3+ Kd6 47. Kg2 Nf3 48. Rxa4 Rxc3
49. f7 Ne1+ 50. Kf1 Ke7 51. Ra7+ (51. Ra7+ Kf8 52. Be6 $18) 1-0

[Event "EU-ch 6th"]
[Site "Warsaw"]
[Date "2005.06.19"]
[Round "2"]
[White "Ibrahimov, Rasul"]
[Black "Georgiev, Kiril"]
[Result "0-1"]
[WhiteElo "2511"]
[BlackElo "2666"]
[Annotator "Marin,M"]
[PlyCount "100"]
[EventDate "2005.06.18"]
[EventType "swiss"]
[EventRounds "13"]
[EventCountry "POL"]
[SourceTitle "CBM 108"]
[Source "ChessBase"]
[SourceDate "2005.09.26"]
[SourceVersion "1"]
[SourceVersionDate "2005.09.26"]
[SourceQuality "1"]

1. Nf3 d5 2. g3 c6 3. Bg2 Bg4 4. O-O Nd7 5. d3 e5 6. e4 dxe4 7. dxe4 Ngf6 8. h3
Bh5 9. Nbd2 Be7 10. Qe1 O-O 11. Nc4 Qc7 {This is one of the main tabyia of the
Reti. White can choose between play on the queen side, on the king side, or to
combine plans as this happens in this game.} 12. a4 {Strictly speaking, this
move, aiming to discourage ...b5, is not necessary.} ({The immediate} 12. Nh4 {
is also entirely playable.} Rfe8 ({It appears that} 12... b5 {is not such a
big threat, since it only drives the knight closer to the king side.} 13. Ne3
Rfe8 14. Nef5 Bf8 15. Bg5 h6 16. Bd2 Nc5 17. g4 Bg6 18. f4 exf4 19. Bxf4 Qc8
20. e5 Nd5 21. Bg3 Nd7 22. Qe4 Bc5+ 23. Kh1 Bh7 24. Rae1 {The concentration of
white forces on the king side is impressive.} Nf8 25. c4 bxc4 26. Qxc4 Ne6 27.
Nd6 $16 {1-0 Zhang Zhong (2599)-Wu Kaiyu (2294)/Wuxi 2005/CBM 106 ext (35)})
13. Nf5 Bf8 14. Bd2 Nc5 15. f3 {[%csl Rd1][%cal Yh5d1] /\Rad1} (15. f4 $5 $36)
15... Nfd7 16. Rd1 b5 (16... Nb6 17. Ba5 Ne6 18. c3 $14) 17. Ba5 (17. Ncd6 $5)
17... Nb6 18. Nce3 Nb7 19. c4 $2 (19. Bb4 a5 $1 $13) 19... Red8 $2 {Both
players seem to have overlooked the significance of the weak e3-square.} (19...
g6 $1 20. Nh4 $140 Nxa5 21. Qxa5 Bc5 $17) 20. Rc1 Nxa5 21. Qxa5 b4 (21... g6)
22. c5 Nd5 23. Nc4 $1 $16 {1-0 Vaganian,R (2623)-Van den Doel,E (2609)/Belgium
2003/CBM 097 ext (48)}) 12... Rfe8 13. Nh4 {Aiming to alternate moves on
different wings.} ({It is also possible to proceed with active operations on
the queen side:} 13. Bd2 Bf8 14. Bc3 Bxf3 (14... Bg6 15. Nh4 Bh5 16. Kh1 b5 17.
axb5 cxb5 {[%csl Yd5]} 18. Ne3 Nc5 19. g4 Bg6 20. g5 Nh5 21. Nd5 Qb8 22. Nxg6
hxg6 23. Bf3 Nf4 24. Nxf4 $14 {1/2-1/2 Stohl,I (2600)-Seul,G (2445)/Germany
2000/CBM 076}) 15. Bxf3 b5 16. axb5 cxb5 {[%csl Yd5]} 17. Ne3 Nc5 18. Bb4 Rac8
19. Bg2 Ncxe4 20. Bxf8 Rxf8 21. Qb4 $14 {1-0 Gutman,L (2530)-Smejkal,J (2525)/
Germany 1987/GER-chT (21)}) 13... Bf8 (13... Nc5 {0-1 Petrosian,A (2485)
-Sorokin,M (2515)/Balatonbereny 1993/CBM 038/[Horn,Pe] (38)}) (13... Rad8 14.
Bd2 Bg6 15. Bc3 Bc5 16. Nxg6 hxg6 17. a5 $14 {Gutman-Rodriguez/New York op/1987
}) 14. Bg5 Re6 {Over-protecting the knight, in order to free his colleague
from this task.} 15. b3 b6 16. Kh1 h6 {But this looks unconsequent: if Black
was going to advance this pawn, then it is far from clear why...Re6 would be
necessary at all?} 17. Bd2 Nc5 18. b4 Ncd7 {Unfortunately, the knight has not
the e6-square at its disposal.} 19. a5 {Black has now some problems
maintaining the control of the a-file, since retreating the rook to e8 would
mean just another loss of time (thefourth in this game).} b5 20. Ne3 Rb8 21. c4
bxc4 22. g4 $6 {White embarks in a dubious tactical operation, possibly as a
result of an overlook. He might also have thought that Black's previous
inacuracies deserved an immediate punishment.} ({The simple} 22. Nxc4 $14 {
should have been preferred.}) 22... Bg6 23. Nxg6 fxg6 24. Qe2 (24. Nxc4 $142)
24... Bxb4 25. Qxc4 Qd6 26. Nf5 gxf5 27. exf5 Bxd2 28. fxe6 Rb4 $1 (28... Nc5
29. Rfd1 $16) 29. Qxc6 (29. Qa2 Nc5 30. Rfd1 Rd4 $19 {This last move might
have been overlooked by White when initiating the whole operation.}) 29... Qxc6
30. Bxc6 Nc5 31. Rfd1 Rb2 $17 {White has no compensation for the sacrificed
material.} 32. Rab1 Rxb1 33. Rxb1 Nxe6 34. Rb8+ Kh7 35. Ra8 Nd4 36. Bb7 Bxa5
37. Rxa7 Bd2 38. f3 h5 39. Kg2 h4 40. Ra2 Bf4 41. Ra5 Kh6 42. Ba6 Bg3 43. Bc4
Nc2 44. Kg1 Ne1 45. Be2 Nh7 46. Ra6+ g6 47. Kh1 Ng5 48. Bf1 Nexf3 49. Bd3 e4
50. Rxg6+ Kxg6 0-1

[Event "EU-ch 6th"]
[Site "Warsaw"]
[Date "2005.06.23"]
[Round "6"]
[White "Socko, Bartosz"]
[Black "Kristjansson, Stefan"]
[Result "1-0"]
[WhiteElo "2583"]
[BlackElo "2461"]
[Annotator "Marin,M"]
[PlyCount "113"]
[EventDate "2005.06.18"]
[EventType "swiss"]
[EventRounds "13"]
[EventCountry "POL"]
[SourceTitle "CBM 108"]
[Source "ChessBase"]
[SourceDate "2005.09.26"]
[SourceVersion "1"]
[SourceVersionDate "2005.09.26"]
[SourceQuality "1"]

1. g3 Nf6 2. Bg2 d5 3. Nf3 g6 4. d3 Bg7 5. O-O O-O 6. Nbd2 Nc6 {"Black's last
move is the simplest way to gain equal chances" (Botvinnik).} 7. e4 dxe4 ({
"Stronger is} 7... e5 8. c3 a5 {0-1 Socko,B (2543)-Galkin,A (2535)/Batumi 1999/
CBM 074/[Konikowski] (28) as was played in a training game Geller-Botvinnik" 
(Botvinnik). Curiously, Socko had his share of bitter experience against this
old recommendation.}) 8. dxe4 Nd7 {Played in hyper-modern fashion.} ({Black
probably disliked to play the symmetrical position resulting after} 8... e5 {
. Indeed, White is not only a tempo ahead, but has the more flexible
development of pieces. He can expand with c3 and b4 or transfer the knight to
d5. The same plan is obviously denied to Black.} 9. Re1 Re8 (9... h6 $142 {
/\ Be6 Botvinnik}) 10. c3 Nd7 11. Qc2 Nc5 12. Bf1 a5 13. b3 f5 $2 (13... Be6 {
/\ f6, Bf8 (Botvinnik)}) 14. Bc4+ Kh8 15. Ba3 Bf8 16. Bf7 Re7 17. Bxg6 hxg6 18.
Bxc5 $16 {1-0 Botvinnik,M-O'Kelly de Galway,A/Budapest 1952/MCD (33)}) 9. Qe2 {
Since Black is aiming for piece pressure (Nc5, b6, Ba6) White should hurry to
place a rookon d1 as soon as possible, in order to cross the opponent's plans.}
(9. Nc4 $6 Nc5 10. Qe2 Bg4 11. Qe3 b6 12. e5 Qd7 13. b3 Rad8 14. Bb2 h6 {
1/2-1/2 Zolnierowicz,K (2355)-Mikhalchishin,A (2520)/Lublin 1993/CBM 037 ext
Black has a very flexibleposition.}) 9... a5 10. Rd1 a4 $6 $146 {This move
would make sense only if White had played a3 himself. They way it is, it is
more of a loss of time.} (10... b6 11. Nf1 Ba6 12. Qe1 Qc8 13. a3 Nc5 14. Rb1
Bb7 15. e5 $6 (15. b4 $142) 15... Rd8 16. Rxd8+ Nxd8 17. Bg5 Qd7 18. Rd1 Qe8
19. h4 Nde6 20. Bc1 a4 $1 {0-1 Hesse,P (2420)-Kozlov,V (2445)/Varna 1979/EXT
2005 (31)}) 11. Rb1 e5 {"It is hard for Black to get by without this move" 
(Botvinnik)} 12. Nc4 b6 13. b4 $1 {With the black pawn on a5, White would have
needed some additional time to prepare this typical move.} axb3 14. axb3 {
The control of the a-file is a feeble consolation for the time spent on
advancing the a-pawn.} Ba6 15. Bb2 {[%csl Yd4][%cal Rb2e5]} (15. Bh3 {is
premature because of} Nd4) 15... Qe7 16. Qd2 $1 {By this simple means, White
gets rid of the unpleasant pin along the f1-a6 diagonal.} Nc5 (16... Bxc4 17.
Qxd7 $16) 17. Ne3 $1 {White is better prepared to invade the d5-square 
(compared to Black's chances to get a knight to d4).} Rfd8 (17... Nxe4 $2 18.
Qd5 $18 {[%csl Yc6,Ye4]}) 18. Nd5 Qf8 19. Qc3 $6 (19. Qe3 $1 $14 {looks more
natural and if} Ne6 20. c3) 19... Nd4 $6 (19... Bb7 $5 {[%cal Yc5e6,Ye6d4]})
20. Nxd4 exd4 21. Qe1 $6 ({White misses the simple and effective move} 21. Rxd4
$1 $16) 21... Ne6 22. c3 dxc3 $6 (22... c6 $142 $5 $13) 23. Bxc3 Bb7 24. Rbc1
$16 {White has a strong centralized position.} Rac8 25. Bxg7 Nxg7 26. Nxc7 Rxd1
27. Qxd1 Qd8 28. Qxd8+ Rxd8 29. Nd5 Bxd5 30. exd5 Nf5 31. Rc6 Ne7 32. Rxb6 Nxd5
33. Rb7 Nc3 34. Bf3 Rd2 35. Kf1 Rd3 36. Kg2 Rd2 37. h4 Nd1 38. Bxd1 Rxd1 39.
Re7 Rb1 40. Re3 Kg7 41. f4 Kf6 42. Kf2 h6 43. Ke2 g5 44. hxg5+ hxg5 45. fxg5+
Kxg5 46. Kd2 Kg4 47. Kc2 Rh1 48. b4 f5 49. Kd3 Rd1+ 50. Kc2 Rh1 51. b5 f4 52.
gxf4 Kxf4 53. Re6 Rh5 54. b6 Rb5 55. Kc3 Kf5 56. Rh6 Rb1 57. Kd4 1-0

[Event "EU-ch 6th"]
[Site "Warsaw"]
[Date "2005.06.19"]
[Round "2"]
[White "Minasian, Artashes"]
[Black "Guliev, Sarhan"]
[Result "1-0"]
[WhiteElo "2597"]
[BlackElo "2481"]
[Annotator "Marin,M"]
[PlyCount "85"]
[EventDate "2005.06.18"]
[EventType "swiss"]
[EventRounds "13"]
[EventCountry "POL"]
[SourceTitle "CBM 108"]
[Source "ChessBase"]
[SourceDate "2005.09.26"]
[SourceVersion "1"]
[SourceVersionDate "2005.09.26"]
[SourceQuality "1"]

1. Nf3 d5 2. g3 Nf6 3. Bg2 Bf5 4. b3 e6 5. Bb2 h6 6. O-O Bc5 7. d3 O-O 8. Nbd2
{By playing now 8...c6 followed by Nbd7, a5, b5, Bh7 Black would reach a
rather popular setup. However, Guliev has other plans. He will refrain from
advancing his c-pawn, aiming for active piece development instead. This plan
is quite original and I have failed to find games with similar play.} Qe7 $5 {
After this move, returning to the normal paths with a further ...c6 is
impossible already. The queen doesn't belong to e7 in those systems.} 9. a3 a5
10. Qe1 Rd8 {One major drawback of developing the pieces in front of the pawns
is that they lack stability and that great care is needed before each step.} ({
In case of} 10... Nc6 $6 {aiming to continue developing, White can consider}
11. d4 $1 Bd6 12. c4 $16 {when Nc6 and Bd6 are obviously misplaced.}) 11. e4
dxe4 ({I believe that the immediate} 11... Bh7 {would have been safer, when
White can draw no immediate advantage by advancing his e-pawn further.}) 12.
dxe4 Bh7 13. e5 Ne8 $5 {Black aims to obtain the initiative by using the
pressure of the h7-bishop and of the doubled rooks along the d-file. The
knight is less badly placed on e8 than it looks. Although it has no available
moves yet, it can flfil important defensive jobs, as we shall see.} ({In case
of} 13... Nd5 14. Ne4 {the knight would be rather instable on d5}) ({However,} 
13... Nfd7 {looks entirely adequate, even though it obstructs the d-file.}) 14.
Ne4 Nc6 {Giving up the pair of bishops is a second concession made by Black,
this time of permanent character.} ({In case of} 14... Bb6 15. a4 {Black would
have faced some problems along the a3-f8 diagonal, for instance} Na6 16. Ba3
Nc5 $2 17. Nfd2 $1 $16 {and we can feel already that the e8-knight fails to
take part to the blockade on dark squares.}) 15. Nxc5 Qxc5 16. Rc1 Rd7 17. Nd2
$1 {The second knight is just in time to reach e4, before Black doubles rooks
on the d-file.} Rad8 18. Ne4 Qb5 19. Qe3 {[%csl Yb7,Yc6][%cal Re4c5,Gg2b7]}
Bxe4 {Black is practically forced to give up his other bishop, too.} (19... b6
$2 20. Nc3 $18) 20. Bxe4 Nd4 {At the cost of the temporary passivity of the
e8-knight, Black has achieved an elevated degree of activity of all his other
pieces.} 21. Kh1 c5 {Not only consolidating the central knight and creating
the positional threats of ...c4 or ...a4, but also opening an eventual path
for activation to the other knight.} 22. a4 Qa6 23. g4 b5 24. f4 {White has to
start a king side attack, before Black's activity becomes incontrolable.} ({
The usefulness of the e8-knight would become obvious in such a line as} 24. g5
hxg5 25. Qxg5 bxa4 26. Qh4 f5 $1 27. exf6 Nxf6 $15) 24... bxa4 25. bxa4 f5 $2 {
But this is panic already.} ({Black's king side was under no immediate threats
and he should have proceeded with his queen side plan with} 25... Qc4 {. White
would have obtained no immediate advantage by blindly continuing his attack
with} 26. f5 Qxa4 27. f6 g6 {when after} 28. Qxh6 $2 Ne2 29. Bxg6 $2 Qc6+ {
it would be him who would get mated!}) 26. gxf5 exf5 27. Bxd4 Rxd4 28. Bxf5
Qc6+ 29. Qf3 Qxf3+ 30. Rxf3 Rxa4 31. Bg6 $16 {Black's passed pawn and the rook
activity are no match to White's huge king side advantage.} Nc7 32. f5 Re4 33.
e6 Nd5 34. Rd3 Rd4 35. Rb3 Nf4 36. Rg1 Nxg6 37. Rxg6 Rd1+ 38. Kg2 R8d2+ 39. Kf3
Rf1+ 40. Kg3 Rxf5 41. Rb7 Kf8 42. e7+ Ke8 43. Re6 1-0

[Event "EU-ch 6th"]
[Site "Warsaw"]
[Date "2005.06.22"]
[Round "5"]
[White "Kozul, Zdenko"]
[Black "Mchedlishvili, Mikheil"]
[Result "1-0"]
[WhiteElo "2591"]
[BlackElo "2518"]
[Annotator "Marin,M"]
[PlyCount "60"]
[EventDate "2005.06.18"]
[EventType "swiss"]
[EventRounds "13"]
[EventCountry "POL"]
[SourceTitle "CBM 108"]
[Source "ChessBase"]
[SourceDate "2005.09.26"]
[SourceVersion "1"]
[SourceVersionDate "2005.09.26"]
[SourceQuality "1"]

1. Nf3 Nf6 2. g3 d5 3. Bg2 c6 4. O-O Bg4 5. d3 Nbd7 6. Nbd2 e5 7. e4 dxe4 8.
dxe4 Qc7 {Usually, Black refrains from developing the queen at such an early
stage.} ({One of the main reasons behind the text move is to try to avoid the
line} 8... Be7 9. Qe1 O-O 10. Nc4 Qc7 11. Ne3 {Nalbandian,T (2508)-Rublevsky,S
(2645) EU-ch 6th Warsaw 2005 (1) 0-1 as played in a game analyzed in this very
issuea of CBM,}) 9. h3 Bh5 10. Qe1 Bxf3 {Willingly exchanging on f3 certainly
is a small concession. To a certain extent, this is a consequence of the early
development of the queen.} ({The problem is that after the natural} 10... Be7 {
White can play} 11. Nh4 {when Black has no time for Re8 in order to meet Nf5
with Bf8.}) ({At the same time,} 10... Bc5 {doesn't spare trouble to the
bishop after} 11. Nh4 O-O 12. Nb3) 11. Bxf3 {This is a sign that White intends
to use his knight for queen side action.} ({The alternative is} 11. Nxf3 {
which clears the way to the dark squared bishop and plans some king side
activity.} Bc5 (11... Be7 $6 {is simply bad in view of} 12. Nh4 {when} g6 $6 {
makes things worse because} 13. Bh6 {1-0 Yermolinsky,A (2620)-Berry,J (2275)/
Seattle 1994/EXT 97 (24) and Black has problems bringing his king into safety.}
) 12. h4 O-O 13. Bd2 Bd6 14. Rd1 a5 15. Bc1 {White has more or less completed
his development and aims for simplifications, hoping that the pair of bishops
would offer him the better chances in the endgame.} Nc5 16. Nh2 Qe7 17. Qe2 Qe6
18. Bf3 Be7 19. b3 h6 20. a3 Rfd8 21. Bb2 {The sensation is that White hopes
to win the game without doing anything concrete. However, Black will know how
to use the available time in order to organize adequate defence.} Rxd1 22. Rxd1
Rd8 23. Rxd8+ Bxd8 24. a4 Bb6 25. Kg2 Qd6 26. Ng4 Nxg4 27. Bxg4 Na6 28. Bc3 Nb4
29. Be1 Bc5 30. h5 Kf8 31. Qd1 Ke7 {1/2-1/2 Damljanovic,B (2550)-Goldin,A 
(2555)/Cetinje 1993/EXT 2002 (52) Black's activity is sufficient to
counter-balance the white pair of bishops.}) 11... Be7 12. a4 {A typical move,
ensuring White some stability on light squares.} O-O 13. Nb3 $146 {Apparently,
White intends to leave the c4-square available for the queen.} ({More natural
is} 13. Nc4 a5 14. Bd2 b6 15. Bc3 {Aiming to keep Black busy with the defence
of his numerous weaknesses (a5, b6, e5)} ({The plan of a central action,
introduced by the moves} 15. Bg2 Rfe8 16. Kh1 Bf8 17. f4 exf4 18. Bxf4 Qb7 19.
e5 Nd5 {certainly looks appealing, but it has the drawback of giving Black the
possibility of active counterplay.} 20. Qd2 Nc5 21. Ne3 Nxe3 22. Qxe3 Re6 23.
Qc3 Rae8 24. Qc4 {1/2-1/2 Kirov,N (2420)-Augustin,J (2430)/Lodz 1979/MCD})
15... Rfe8 16. Qe2 Bc5 17. Rfd1 Nf8 18. h4 N6d7 19. Bg4 Ne6 20. Bxe6 Rxe6 21.
Rd3 {White's activity looks threatening. The attempt to regroup with} Bf8 $2 {
failed immediately to} 22. Rxd7 Qxd7 23. Nxb6 $18 {1-0 Smejkal,J (2515)
-Edzgveradze,N (2185)/Mlada Boleslav 1993/EXT 97 (40)}) 13... Nc5 ({Black
obviously didn't enjoy the perspective of playing a position like that arising
after} 13... a5 14. Bd2 b6 15. Qe2 {[%cal Ye2c4]}) 14. Nxc5 Bxc5 15. b4 Be7 16.
Bd2 {It was essential to prevent 16...a5 which would have led to the weakening
of at least one dark square (most likely the c5-square, or, in case of 17.c3
axb4 18.cxb4, the d4-square)} c5 $5 {Black intends to use the circumstance
that his development is slightly better in order to reach a safe queen side
configuration. If White would have the time to transfer his queen to c4, Black
would be doomed to passivity for a long time.} 17. b5 a5 18. Bc3 b6 19. Qb1
Rfe8 20. Qb2 Bf8 21. Rfd1 c4 {This might look like a dangerous decision, but
Black cannot refrain forver from advancing his c-pawn. If White would manage
to block that pawn by placing a piece on c4, the black bishop would remain
awfully passive.} 22. Rd2 Qc5 23. Kg2 $14 {/= The pair of bishops ensure White
a minimal but stable advantage. However, Black defends all the critical
squares along the d-file and his position is quite solid.} h5 24. Rdd1 g6 25.
Bd2 Qc7 26. c3 Kg7 27. Qc2 Rac8 28. Bc1 Be7 29. h4 Red8 30. Rxd8 Rxd8 1-0